[Event "Straume Bronstein Cup A"]
[Site "Straume"]
[Date "2019.10.27"]
[Round "1"]
[White "Jeyachandran, Thirukkumaran"]
[Black "Gronnestad, Anita"]
[Result "1/2-1/2"]
[WhiteElo "1525"]
[BlackElo "1930"]
[PlyCount "134"]
[EventDate "2019.10.27"]
[EventType "swiss (rapid)"]
[EventRounds "6"]
[EventCountry "NOR"]
[SourceTitle "EXT 2024"]
[Source "ChessBase"]
[SourceDate "2023.10.10"]
[SourceVersion "1"]
[SourceVersionDate "2023.10.10"]
[SourceQuality "1"]

1. e4 Nf6 2. Nc3 d6 3. Nf3 g6 4. h3 Bg7 5. d4 0-0 6. Be2 a6 7. Be3 b5 8. 0-0 b4 9. Nb1 Nxe4 10. Nbd2 Nxd2 11. Qxd2 a5 12. a3 Ba6 13. axb4 axb4 14. Bxa6 Nxa6 15. Ra4 Qd7 16. Rfa1 Qb5 17. Ra5 Qb7 18. Qe2 b3 19. c3 Qe4 20. Rxa6 Rxa6 21. Qxa6 Qc2 22. Qa3 Rb8 23. Rc1 Qd3 24. Qa7 Qb5 25. Qxc7 Re8 26. c4 Qa4 27. c5 dxc5 28. Qxc5 Qa2 29. Qc6 Rf8 30. Nd2 Qxb2 31. Rb1 Qc2 32. Qb6 e5 33. dxe5 Bxe5 34. Qxb3 Qf5 35. Nf3 Rb8 36. Qxb8+ Bxb8 37. Rxb8+ Kg7 38. Bd4+ f6 39. Rb7+ Kg8 40. Be3 Qd5 41. Rb6 Kf7 42. Bd4 f5 43. Ng5+ Ke7 44. Re6+ Kd7 45. Be5 Qd1+ 46. Kh2 Qc1 47. Rd6+ Ke7 48. Nxh7 Qh6 49. Nf6 Qc1 50. Nd5+ Ke8 51. Bf6 Kf7 52. Be5 Qc5 53. f4 Qc4 54. Rf6+ Ke8 55. Nc7+ Kd7 56. Rxg6 Qf1 57. Rf6 Qb1 58. Nd5 Qc2 59. Ne3 Qf2 60. Nxf5 Ke8 61. Re6+ Kd7 62. Re7+ Kc8 63. Re8+ Kd7 64. Nd6 Qd2 65. f5 Qf2 66. f6 Qa2 67. Re7+ Kd8 1/2-1/2

[Event "NOR-chT Club"]
[Site "Drammen"]
[Date "2019.05.30"]
[Round "1.1"]
[White "Hammer, Jon Ludvig"]
[Black "Gronnestad, Anita"]
[Result "1-0"]
[WhiteElo "2645"]
[BlackElo "1950"]
[PlyCount "49"]
[EventDate "2019.05.30"]
[EventType "team-swiss"]
[EventRounds "6"]
[EventCountry "NOR"]
[SourceTitle "CBM 190 Extra"]
[Source "ChessBase"]
[SourceDate "2019.07.15"]
[SourceVersion "1"]
[SourceVersionDate "2019.07.15"]
[SourceQuality "1"]
[WhiteTeam "OSS"]
[BlackTeam "Bergens II"]
[WhiteTeamCountry "NOR"]
[BlackTeamCountry "NOR"]

1. c4 Nf6 2. g3 e6 3. Bg2 d5 4. d4 Be7 5. Nf3 0-0 6. 0-0 b6 7. cxd5 exd5 8. Nc3 Bb7 9. Ne5 Nbd7 10. Qa4 Nb8 11. Rd1 a6 12. Qc2 Nbd7 13. Bf4 Rc8 14. Qb3 c6 15. Bh3 b5 16. e4 b4 17. Nxd7 Nxd7 18. exd5 c5 19. dxc5 Nxc5 20. Qxb4 a5 21. Qd4 Re8 22. Bxc8 Qxc8 23. Re1 Qd7 24. Rad1 h6 25. Qe3 1-0

[Event "NOR-chT Club"]
[Site "Bergen"]
[Date "2018.05.12"]
[Round "4.6"]
[White "Manne, Per Erik"]
[Black "Gronnestad, Anita"]
[Result "1/2-1/2"]
[WhiteElo "2184"]
[BlackElo "1936"]
[PlyCount "89"]
[EventDate "2018.05.10"]
[EventType "team-swiss"]
[EventRounds "6"]
[EventCountry "NOR"]
[SourceTitle "EXT 2019"]
[Source "ChessBase"]
[SourceDate "2018.10.10"]
[SourceVersion "1"]
[SourceVersionDate "2018.10.10"]
[SourceQuality "1"]
[WhiteTeam "SK 96"]
[BlackTeam "Bergens II"]
[WhiteTeamCountry "NOR"]
[BlackTeamCountry "NOR"]

1. e4 Nf6 2. e5 Nd5 3. g3 d6 4. exd6 exd6 5. Bg2 Nf6 6. Ne2 Be7 7. d4 0-0 8. c4 Nc6 9. Nbc3 Re8 10. 0-0 Bg4 11. Be3 Qd7 12. Qb3 Bh3 13. Qxb7 Bxg2 14. Kxg2 Rab8 15. Qa6 Rxb2 16. Rab1 Rxb1 17. Rxb1 d5 18. c5 Ng4 19. Nf4 Bf6 20. Qd3 Nxe3+ 21. fxe3 Ne7 22. Rd1 Bg5 23. Nh3 Bxe3 24. Rf1 Bh6 25. Qf3 f6 26. Re1 Bd2 27. Re2 Bxc3 28. Qxc3 Nf5 29. Rxe8+ Qxe8 30. Nf4 Qe4+ 31. Qf3 Nxd4 32. Qxe4 dxe4 33. Kf2 f5 34. Ke3 Nb5 35. Nd5 Na3 36. Ne7+ Kf7 37. Nxf5 Nb5 38. Nd4 Nxd4 39. Kxd4 e3 40. Kxe3 Ke7 41. Kd4 Ke6 42. g4 g5 43. Ke4 c6 44. Kd4 Kf6 45. Ke4 1/2-1/2

[Event "Bergen Grand Prix"]
[Site "Bergen"]
[Date "2017.11.19"]
[Round "5"]
[White "Gronnestad, Anita"]
[Black "Mansoor, Afras"]
[Result "1-0"]
[WhiteElo "1908"]
[BlackElo "1934"]
[PlyCount "51"]
[EventDate "2017.11.17"]
[EventType "swiss"]
[EventRounds "5"]
[EventCountry "NOR"]
[SourceTitle "EXT 2024"]
[Source "ChessBase"]
[SourceDate "2023.10.10"]
[SourceVersion "1"]
[SourceVersionDate "2023.10.10"]
[SourceQuality "1"]

1. c4 b6 2. d4 f5 3. Bg5 Nf6 4. Bxf6 exf6 5. Nc3 Bb7 6. e3 g6 7. a3 Bg7 8. Nf3 0-0 9. Be2 d6 10. d5 Qe7 11. Nd4 Rf7 12. h4 c5 13. dxc6 Nxc6 14. Nd5 Qd7 15. Nxc6 Bxc6 16. Bf3 Re8 17. g3 b5 18. Rc1 bxc4 19. Rxc4 Bb5 20. Rc7 Qe6 21. Nf4 Qe5 22. Bd5 Ree7 23. Bxf7+ Rxf7 24. Rxf7 Kxf7 25. Qb3+ Ke7 26. Nd5+ 1-0